Voyages of apollo (Record no. 990069)

MARC details
000 -LEADER
fixed length control field 00671nam a2200241Ia 4500
003 - CONTROL NUMBER IDENTIFIER
control field OSt
005 - DATE AND TIME OF LATEST TRANSACTION
control field 20221005082928.0
008 - FIXED-LENGTH DATA ELEMENTS--GENERAL INFORMATION
fixed length control field 221004b |||||||| |||| 00| 0 eng d
037 ## - SOURCE OF ACQUISITION
Terms of availability Textual
040 ## - CATALOGING SOURCE
Original cataloging agency CRL
Transcribing agency CRL
Language of cataloging eng
041 ## - LANGUAGE CODE
Source of code eng
Language code of text/sound track or separate title eng
100 ## - MAIN ENTRY--PERSONAL NAME
Personal name Lewis Richard S
9 (RLIN) 88532
245 #0 - TITLE STATEMENT
Title Voyages of apollo
Remainder of title exploration of the moon
260 ## - PUBLICATION, DISTRIBUTION, ETC.
Place of publication, distribution, etc. New Delhi
Name of publisher, distributor, etc. Tata McGraw-Hill Publishing Company Ltd.
Date of publication, distribution, etc. 1974
500 ## - GENERAL NOTE
General note DSK Collection
650 ## - SUBJECT ADDED ENTRY--TOPICAL TERM
Topical term or geographic name entry element MATHEMATICS
942 ## - ADDED ENTRY ELEMENTS (KOHA)
Classification part B978AP, L4;1
Koha item type Textual
Source of classification or shelving scheme
Holdings
Withdrawn status Lost status Damaged status Not for loan Home library Current library Date acquired Total Checkouts Full call number Barcode Date last seen Price effective from Koha item type
        Central Library Central Library 2022-10-05   B978AP L4;1 CL0999820 2022-10-05 2022-10-05 Textual
Copyright @ Delhi University Library System